Monarchs of the Kingdom of the Netherlands - Statistics

General Stats
  • This quiz has been taken 136 times
  • The average score is 6 of 7
Answer Stats
Years Answer % Correct
1980-2013 Beatrix
93%
2013-present Willem-Alexander
93%
1948-1980 Juliana
88%
1815-1840 William I
88%
1890-1948 Wilhelmina
87%
1840-1849 William II
86%
1849-1890 William III
86%
No matching quizzes found
Score Distribution
Percent of People with Each Score
Percentile by Number Answered
Your Score History
You have not taken this quiz